000
00341nam a2200145Ia 4500
008
150201s1991 xx 000 0 und d
082
_a
80
_b
P1991S
100
_a
SARABHAI
245
_a
PAPER CHROMATOGRAPHY
250
_a
1ST
260
_b
SHARABHAI CHEMICALS
_a
DELHI
_c
1991
300
_a
Jan-46
650
_a
GENERAL BOOKS
942
_2
ddc
_c
BK
999
_c
3231
_d
3231